000 00333nam a22001457a 4500
999 _c54956
_d54956
008 191030b ||||| |||| 00| 0 eng d
020 _a9789951550185
041 _aeng
080 _a573
082 _a573
100 _a11
101 _aBIO
245 _aBiologjia molekulare me gjenetikë
_cKamberi.N, Rizani.H
942 _2udc
_cBK